Quick Pick: Jeff Goldblum Movies Quiz Stats

 Plays Quiz Updated Apr 1, 2018

Challenge
Share
Tweet
Embed
Score 0/10 Timer 01:00
0 Plays Today
% Correct
Dogs
99.3%
Park
98.4%
Months
98.2%
Grand
98%
Beyond
96.5%
Man
96.2%
Independence
95.3%
Earth
94.7%
Morning
94.4%
Ragnarok
93.5%

Today's Daily Dose

Word Ladder
Bruno Mars Song

Get the Picture
Japanese Cars

You're not logged in!

Compare scores with friends on all Sporcle quizzes.
OR
Log In

You Might Also Like...

Show Comments

Extras

Top Quizzes Today


Score Distribution

Your Account Isn't Verified!

In order to create a playlist on Sporcle, you need to verify the email address you used during registration. Go to your Sporcle Settings to finish the process.

Report this User

Report this user for behavior that violates our Community Guidelines.

Details: